000 00636nam a22001937a 4500
005 20251108164223.0
008 250721s1980 xx 000 0 ara d
082 1 4 _a780.956/بغد
100 1 _aالبغدادي، صفي الدين عبد المؤمن بن عبد الحق
245 1 0 _aكتاب الأدوار /
264 1 _aبغداد :
_bوزارة الثقافه و الإعلام : دار الرشيد للنشر،
_c1980.
300 _a174ص
490 0 _aكتب التراث ؛ 192
650 1 7 _aالموسيقى العربية
650 1 7 _aالتاريخ
650 1 7 _aالنقد
942 _2ddc
_cBK
999 _c6722
_d6722